Amico mio /

Tom ha tredici anni, è in terza media e nutre un’amicizia esclusiva e totalizzante per il suo compagno Poni. In classe e agli allenamenti di calcio gli riserva attenzioni costanti, che l’amico ricambia con affetto genuino ma sempre più prudente. Un giorno, per difendere l’amico, Tom spacca il naso a...

Бүрэн тодорхойлолт

-д хадгалсан:
Номзүйн дэлгэрэнгүй
Үндсэн зохиолч: Perale, Gianmarco (Зохиогч)
Формат: Ном
Хэл сонгох:итали
Хэвлэсэн: Milano : NNE, 2023
Цуврал:La stagione
Шошгууд: Шошго нэмэх
Шошго байхгүй, Энэхүү баримтыг шошголох эхний хүн болох!

MARC

LEADER 00000nam a22000007i 4500
001 IT\ICCU\ARE\0005511
003 ItRI
005 20240718182424.0
008 230427s2023 it |||||| |||||1|||||c
020 |a 9791280284839 
040 |b ita  |c c 
041 7 |a ita  |2 ISO-639-2 
082 |a 853.92  |2 23 
100 1 |a Perale, Gianmarco  |0 IT\ICCU\CAGV\754276  |4 aut 
240 1 0 |a Amico mio  |9 Perale, Gianmarco 
245 1 0 |a Amico mio /  |c Gianmarco Perale. 
260 |a Milano :  |b NNE,  |c 2023 
300 |a 203 p. ;  |c 22 cm 
520 |a Tom ha tredici anni, è in terza media e nutre un’amicizia esclusiva e totalizzante per il suo compagno Poni. In classe e agli allenamenti di calcio gli riserva attenzioni costanti, che l’amico ricambia con affetto genuino ma sempre più prudente. Un giorno, per difendere l’amico, Tom spacca il naso a un compagno di classe: finiscono tutti dal preside ed è Tom a pagarne il prezzo. Preoccupata e sola, la madre non riesce a decifrare i comportamenti del figlio e si affida a uno psicologo, ma gli adulti rimangono ai margini del mondo di Tom, convinto che il suo modo di dimostrare l’amicizia sia l’unico possibile. Incompreso e angosciato dalla distanza che Poni comincia a mettere fra loro, Tom si scopre pronto a tutto pur di tenerlo vicino. In un crescendo senza tregua, Gianmarco Perale ci conduce in un viaggio dentro un sentimento d’amore nuovo, indicibile, che ha i tratti di un’ossessione prepotente e disperata. Amico mio è un romanzo vivido e commovente, di dialoghi fittissimi, che ci ricorda le emozioni feroci e le ferite invisibili dell’adolescenza, quelle scintille di verità, a volte spaventose, capaci di rivelare la nostra natura più autentica. 
830 3 |a La stagione  |0 IT\ICCU\LO1\1567586 
942 |2 ddc  |c BK 
952 |0 0  |1 0  |2 ddc  |4 0  |6 853_920000000000000_PER_AMI  |7 0  |9 1647  |a RI  |b RI  |d 2024-07-18  |l 0  |o 853.92 PER AMI  |p 9354  |r 2024-07-18 18:25:47  |w 2024-07-18  |x copia fuori commercio  |y BK 
981 1 |6 z01  |a i   |b xxxe  
982 1 |6 z01  |a n 
999 |c 1463  |d 1463